Statistics for USMNT Players in the Premier League (2023-2024)

Click here to take the quiz!

General Stats

  • This quiz has been taken 38 times
  • The average score is 6 of 8

Answer Stats

HintAnswer% Correct
BournemouthTyler Adams
97%
Nottingham ForestMatt Turner
95%
FulhamTim Ream
95%
FulhamAntonee Robinson
89%
Crystal PalaceChris Richards
78%
Sheffield UnitedAuston Trusty
57%
Chelsea (out on loan)Gabriel Slonina
49%
Nottingham ForestEthan Horvath
32%

Score Distribution

Percentile by Number Answered

Percent of People with Each Score

Your Score History

You have not taken this quiz